Detalles MARC
| 000 -LEADER |
| fixed length control field |
02024nam a2200325 i 4500 |
| 003 - CONTROL NUMBER IDENTIFIER |
| control field |
DO-SdBNP |
| 005 - DATE AND TIME OF LATEST TRANSACTION |
| control field |
20260429094709.0 |
| 007 - PHYSICAL DESCRIPTION FIXED FIELD--GENERAL INFORMATION |
| fixed length control field |
ta |
| 008 - FIXED-LENGTH DATA ELEMENTS--GENERAL INFORMATION |
| fixed length control field |
250527b2024 dr ||||| |||| 00| 0 spa d |
| 020 ## - INTERNATIONAL STANDARD BOOK NUMBER |
| International Standard Book Number |
9789945290547 |
| 040 ## - CATALOGING SOURCE |
| Original cataloging agency |
DO-SdBNP |
| Language of cataloging |
spa |
| Transcribing agency |
BNPHU |
| Description conventions |
rda |
| 041 ## - LANGUAGE CODE |
| Language code of text/sound track or separate title |
spa |
| 082 #4 - DEWEY DECIMAL CLASSIFICATION NUMBER |
| Classification number |
RD861.5 |
| Item number |
C764h 2024 |
| Edition number |
22 |
| 100 1# - MAIN ENTRY--PERSONAL NAME |
| Personal name |
Contreras, Marivell |
| Relator term |
autor |
| Relator code |
aut. |
| 100 z# - MAIN ENTRY--PERSONAL NAME |
| Personal name |
C., Marivell |
| 245 10 - TITLE STATEMENT |
| Title |
Hilos del Caribe / |
| Statement of responsibility, etc. |
Marivell Contreras ; fotografías, Marivell Contreras. |
| 250 ## - EDITION STATEMENT |
| Edition statement |
Primera edición |
| 264 #4 - PRODUCTION, PUBLICATION, DISTRIBUTION, MANUFACTURE, AND COPYRIGHT NOTICE |
| Place of production, publication, distribution, manufacture |
Santo Domingo, República Dominicana : |
| Name of producer, publisher, distributor, manufacturer |
Editora Búho, |
| Date of production, publication, distribution, manufacture, or copyright notice |
©2024. |
| 300 ## - PHYSICAL DESCRIPTION |
| Extent |
69 páginas : |
| Other physical details |
ilustraciones |
| Dimensions |
23 cm. |
| 336 ## - CONTENT TYPE |
| Content type term |
texto |
| Content type code |
txt |
| Source |
rdacontent |
| 337 ## - MEDIA TYPE |
| Media type term |
sin mediación |
| Media type code |
n |
| Source |
rdamedia |
| 338 ## - CARRIER TYPE |
| Carrier type term |
volumen |
| Carrier type code |
nc |
| Source |
rdacarrier |
| 500 ## - GENERAL NOTE |
| General note |
Incluye datos biográficos del la autora en la solapa de la cubierta |
| 505 0# - FORMATTED CONTENTS NOTE |
| Formatted contents note |
Marivell Moñito Cabello Malo -- Dagoberto Tejada Ortiz 11 ; Viva todo lo que somos – Thina Espaillat 17 -- Y si me trago la luna 21-- María Moñito 22 -- Matando caracolas 24 -- Mi vieja niña I 26 -- Mi vieja niña II 27-- No me tires por el pelo 28 -- No me hales el cabellito 29 -- El fracaso del otro 30 -- Afro 32 -- El pajón 34 -- Cabellitos de mar 35 -- Triunfo piloso 36 -- Abrigo del mismo bejuco 37 -- Nuevo día 38 -- Desencuentro 39 --Medusa a la inversa 40 -- Texturas rígidas 41 -- ¿Quién eres? I 43 -- ¿ Quién eres? II 44 -- ¿ Quién eres? III 45 -- ¿ Qué hay de malo ? I 46 --¿ Qué hay de malo ? II 47 -- ¿ Qué hay de malo ? III 48 -- Mi identidad I 49 -- Mi identidad II 50 -- Mi identidad III 51 -- Mi identidad IV 52 -- Ciguapa 53 -- Almas mutiladas 54 -- Hilos del Mar Caribe 56 --Dragones de mar 58 -- Zargazo trenzado 60 -- Electrizada 62 -- Anémonas 64 --Diálogo Ancestral 65 -- No te sienten 67 -- Pase Rap 68. |
| 590 ## - LOCAL NOTE (RLIN) |
| Local note |
Inventariado, 2026 /VM |
| 650 #7 - SUBJECT ADDED ENTRY--TOPICAL TERM |
| Topical term or geographic name as entry element |
Poesía dominicana |
| 650 #7 - SUBJECT ADDED ENTRY--TOPICAL TERM |
| Topical term or geographic name as entry element |
Literatura dominicana |
| 910 ## - USER-OPTION DATA (OCLC) |
| User-option data |
VMateo V. Control de calidad. BPMSU |
| 942 ## - ADDED ENTRY ELEMENTS (KOHA) |
| Source of classification or shelving scheme |
Dewey Decimal Classification |
| Koha item type |
Libros |